01019nam a2200229 a 450000100100000000500170001000800410002702000150006804000250008310000270010824501310013526000710026630000210033749000470035850000480040550400300045350400720048371000600055583000520061595201050066799900170077200004107520201002034610.0130917s1991 sp 001 0 spa d a8400071166 aDO-SdBNPbspacBNPHU1 aSteiger, Arnold96757810aContribución a la fonética del hispano-árabe y de los arabismos en el ibero-románico y el siciliano /cArnald Steiger. aMadrid :bConsejo Superior de Invesigaciones Científicas,c1991. a519 p. ;c25 cm.1 aBiblioteca de Filología Hispánica ;v2 aTextos en es español, italiano, dialectos aBibliografía : p. 16-35 aIncluye referencia bibliográficos y notas al pie de las páginas2 aConsejo Superior de Invesigaciones Científicas967474 0aBiblioteca de Filología Hispánican2967579 001050718MOaGRbGRcCTd2013-09-17iLF1l0o p41075-10r2020-06-25w2020-06-25y1ZNo se presta c40565d40565